| 000 | 00595cam a2200169 i 4500 | ||
|---|---|---|---|
| 005 | 20250901165427.0 | ||
| 008 | 780718s1978 nyuaf b 001 0beng | ||
| 010 | _a 78014286 | ||
| 020 |
_a0448226847 : _c$10.95 |
||
| 050 | 0 | 0 |
_aHD6509.H6 .M64 1978 _bM64 |
| 082 | 0 | 0 |
_a331.88/11/3883240924 _aB |
| 100 | 1 |
_aMoldea, Dan E., _d1950- |
|
| 245 | 1 | 4 |
_aThe Hoffa wars : _bTeamsters, rebels, politicians, and the mob / _cDan E. Moldea. |
| 260 |
_aNew York : _bPaddington Press : distributed by Grosset & Dunlap, _cc1978. |
||
| 300 |
_axiii, 450 p., [18] leaves of plates : _bill. ; _c25 cm. |
||
| 942 | _2lcc | ||
| 999 |
_c3814 _d3814 |
||